000 00472nam a2200181Ia 4500
001 855
003 IN-NITTTR
005 20251114232904.0
008 251113s9999||||xx |||||||||||||| ||eng||
040 _beng
040 _cIN-NITTTR
041 _aeng
082 _a621.312 S65P
100 _aSkrotzki, Bernhardt G. A.
245 0 _aPower station engineering and economy. /
_cSkrotzki, Bernhardt G. A., Vopat, William A.
700 _a Vopat, William A.
942 _2ddc
_cBK
999 _c681
_d681